Trigrammes & Hexagrammes du Yi Jing - Statistiques

Statistiques générales
  • Ce quiz a été pris 12 fois
  • Le résultat moyen est 52 sur 72
Réponses sur la Carte
Les réponses sont colorées sur une échelle allant du rouge au vert en fonction du pourcentage des utilisateurs qui les ont devinées à leur premier essai. Vous pouvez retrouver ces pourcentages ci-dessous.
 
Statistiques - réponses
Trigrammes/Hexagrammes Image naturelle Nom chinois (indice ou réponse?) % Correct
8 Alliance 比 bǐ
100%
7 Armée 師 shī
100%
42 Augmenter 益 yì
100%
{Brume} 澤 兌 duì
100%
{Ciel} 天 乾 qián
100%
46 Croissance 升 shēng
100%
63 Déjà traversée 既濟 jì jì
100%
10 Démarche 履 lǚ
100%
41 Diminuer 損 sǔn
100%
38 Divergence 睽 kuí
100%
{Eau} 水 坎 kǎn
100%
51 Ébranler 震 zhèn
100%
58 Échanger 兌 duì
100%
1 Élan créatif 乾 qián
100%
2 Élan réceptif 坤 kūn
100%
{Feu} 火 離 lí
100%
37 Gens du clan 家人 jiā rén
100%
26 Grand apprivoise 大畜 dà chù
100%
28 Grand excès 大過 dà guò
100%
34 Grand force 大壯 dà zhuàng
100%
61 Juste confiance 中孚 zhōng fú
100%
36 Lumière obscurcie 明夷 míng yí
100%
54 Mariage de la cadette 歸妹 guī mèi
100%
{Montagne} 山 艮 gèn
100%
21 Mordre et unir 噬嗑 shì kè
100%
64 ䷿ Pas encore traversée 未濟 wèi jì
100%
9 Petit apprivoise 小畜 xiǎo chù
100%
62 Petit excès 小過 xiǎo guò
100%
15 Se tenir 謙 qiān
100%
{Terre} 地 坤 kūn
100%
{Tonnerre} 雷 震 zhèn
100%
{Vent} 風 巽 xùn
100%
55 Abondance 豐 fēng
50%
12 Adversité 否 pǐ
50%
19 Approcher 臨 lín
50%
5 Attendre 需 xū
50%
35 Avancer au grand jour 晉 jìn
50%
50 Chaudron 鼎 dǐng
50%
40 Délivrance 解 xiè
50%
59 Dénouer 渙 huàn
50%
3 Difficultés initiales 屯 chún
50%
16 S'enthousiasmer 豫 yù
50%
22 Embellir 賁 bì
50%
32 Endurer 恆 héng
50%
47 Épuisement 困 kùn
50%
44 Être accueillant 姤 gòu
50%
33 Faire retraite 遯 dùn
50%
30 Filet d'oiseleur 離 lí
50%
14 Grand réalise 大有 dà yǒu
50%
31 Inciter 咸 xián
50%
4 Jeune fou 蒙 méng
50%
60 Mesure 節 jié
50%
27 Nourrir 頤 yí
50%
39 Obstruction 蹇 jiǎn
50%
6 Plaider sa cause 訟 sòng
50%
53 Progresser pas à pas 漸 jiàn
50%
11 Prospérité 泰 tài
50%
48 Puits 井 jǐng
50%
20 Regarder 觀 guān
50%
18 Remédier au corrompu 蠱 gǔ
50%
24 Retour 復 fù
50%
45 Réunion 萃 cuì
50%
49 Révolution 革 gé
50%
57 Se modeler 巽 xùn
50%
43 Se montrer résolu 夬 guài
50%
13 S'entendre avec tous 同人 tóng rén
50%
29 S'entraîner au passage des ravins 坎 kǎn
50%
25 Spontanément 無妄 wú wàng
50%
17 Suivre 隨 suí
50%
23 Usure 剝 bō
50%
56 Voyageur 旅 lǚ
50%
52 Stabiliser 艮 gèn
0%
Aucun quiz correspondant
Distribution des résultats
% des personnes avec chaque résultat
Percentile par nombre de réponses
Votre historique - résultats
Vous n’avez pas pris ce quiz